| 000 | 00436nam a22001577a 4500 | ||
|---|---|---|---|
| 008 | 230616b |||||||| |||| 00| 0 eng d | ||
| 040 |
_aNational Science Library _cNational Science Library |
||
| 080 |
_a621.74 _bJ8 |
||
| 245 | _aModern foundry practice | ||
| 260 |
_aNew York: _bAsia Publising House, _c1943 |
||
| 300 | _a464p. | ||
| 650 | _aFoundry | ||
| 653 | _aOrganisation | ||
| 700 | _aHoward, E D (Ed.) | ||
| 942 |
_2udc _cBK |
||
| 999 |
_c44127 _d44127 |
||